000 00646nam a2200205Ia 4500
005 20250508164617.0
008 008 250505s9999 xx 000 0 eng d
037 _aReference
040 _aFEDL
_beng
_cFEDL
041 _aeng
_2eng
084 _a372, ALE
_qFEDL
100 _aAlexander Robin
245 0 _aCulture and pedagogy: International comparisons in primary education
260 _aMalden, USA
_bBlackwell Publishing
_c2003
300 _axv,642p
365 _aGBP
_b26.99
650 _aElementary education; Comparative education; Cross-cultural studies
_9778598
942 _cREF
_h372, ALE
999 _c1390130
_d1390130